Reconcilable differences : Turning points in ethnopolitical conflict

Wedi'i Gadw mewn:
Manylion Llyfryddiaeth
Fformat: Llyfr
Iaith:Undetermined
Cyhoeddwyd: West Hartford Kumarian Press 2000
Pynciau:
Tagiau: Ychwanegu Tag
Dim Tagiau, Byddwch y cyntaf i dagio'r cofnod hwn!
Thư viện lưu trữ: Trung tâm Học liệu Trường Đại học Cần Thơ
LEADER 00735nam a2200205Ia 4500
001 CTU_109698
008 210402s9999 xx 000 0 und d
082 |a 305.8 
082 |b R311 
245 0 |a Reconcilable differences : 
245 0 |b Turning points in ethnopolitical conflict 
245 0 |c Editors: Sean Byrne, Cynthia L. Irvin ; associate editors: Paul Dixon, Brian D. Polkinghorn, Jessica Senehi 
260 |a West Hartford 
260 |b Kumarian Press 
260 |c 2000 
650 |a Ethnic relation,Culture conflict,Political violence,Conflict management 
650 |x Political aspects 
904 |i Minh, Q. Hieu 
910 |a Thay Cutter thành 305.8/R311 
980 |a Trung tâm Học liệu Trường Đại học Cần Thơ